|
|
|
|
| LEADER |
00000nab a2200000 a 4500 |
| 001 |
vtls000040849 |
| 003 |
SK-MaSNL |
| 005 |
20260426101359.0 |
| 008 |
111103c1979 xo 0 slo |
| 015 |
|
|
|a SNBRB19rr/mm-uuuuu
|
| 035 |
|
|
|a CL0050944
|
| 040 |
|
|
|a SNKBUCL
|b slo
|c SNKBUCL
|e AACR2
|
| 041 |
0 |
|
|a slo
|
| 044 |
|
|
|a xo
|c SK
|
| 080 |
|
|
|a 78
|2 1981
|
| 245 |
0 |
0 |
|a V komornom ladení
|b Vynikajúca reprezentácia mladých na BHS
|c (rsk) ; Etela Čárska
|
| 611 |
2 |
7 |
|a Bratislavské hudobné slávnosti
|n (15. :
|d 1979 :
|c Bratislava, Slovensko)
|2 snkbucl
|9 36194
|
| 650 |
0 |
7 |
|a komorná hudba
|2 snkbucl
|9 3431
|
| 650 |
0 |
7 |
|a Medzinárodná tribúna mladých interpretov
|d (1979 :
|c Bratislava, Slovensko)
|2 snkbucl
|9 1005557
|
| 651 |
|
7 |
|a Bratislava (Slovensko)
|2 snkbucl
|9 14568
|
| 655 |
|
7 |
|a články z novín a časopisov
|2 snkbucl
|9 267496
|
| 700 |
1 |
|
|a Čárska, Etela,
|d 1941-
|4 aut
|9 1635959
|
| 773 |
0 |
|
|t Práca
|g Roč. 34, č. 241 (12. 10. 1979), s. 6
|
| 850 |
|
|
|a Slovenská národná knižnica v Martine
|a MTA001
|
| 852 |
|
|
|a SNK
|b KIS3GCP
|
| 992 |
|
|
|a RBX
|
| 999 |
|
|
|c 3227413
|d 3229343
|